000 00489nam a2200193Ia 4500
003 IN-BaIIA
008 211028s9999 xx 000 0 eng d
020 _a0-12-451850-8
040 _cIIA Library
080 _a535
_bLIP
245 0 _aOptical transforms
_cedited by H. Lipson
260 _aLondon
_bAcademic Press
_c1972
300 _axi, 436p.
650 _aNASA thesaurus
650 _aOptical transforms
_97526
650 _aOptics
700 _aLipson, H., ed.
_97527
942 _cBK
999 _c4279
_d4279